Moshi Monsters Parodies - Statistics

General Stats
  • This quiz has been taken 7 times
    3 since last reset
  • The average score is 61 of 183
Answer Stats
Parody Parody Of: % Correct
49 Pence 50 Cent
100%
Crabby Road Abbey Road
100%
Hairosniff Aerosmith
100%
Yappalation Mountains Appalachian Mountains
100%
Hatlantis | Splatlantis Atlantis
100%
Avril LeScream Avril Lavigne
100%
Axl Van Slap Axl Rose
100%
Ben and Scarys Ben and Jerrys
100%
Tyra Fangs Tyra Banks
100%
Baby One More Floret | Boil Me Baby One More Time Baby One More Time
67%
Danksy Banksy
67%
Barfalona Barcelona
67%
Scare Grillis Bear Grylls
67%
Bear-muda Triangle | Bleurghmuda Triangle Bermuda Triangle
67%
Mini Ben Big Ben
67%
Jollywood Bollywood
67%
Monstro City's Got Talent Britain’s Got Talent
67%
Broccoli Spears Britney Spears
67%
Twistmas Christmas
67%
Croak-o-Cola Coca-Cola
67%
Wreck The Halls Deck the Halls
67%
Trifle Tower Eiffel Tower
67%
Pelvis Grisly Elvis Presley
67%
Father Twistmas Father Christmas
67%
Goo Fighters Foo Fighters
67%
Gordon Ranty Gordon Ramsay
67%
Gross-ery Store Grocery store
67%
Banana Montana Hannah Montana
67%
Hairy Rotter Harry Potter
67%
Hong Bong | Hong Pong Hong Kong
67%
Groanas Brothers Jonas Brothers
67%
Kate Giggleton Kate Middleton
67%
Katy Scary Katy Perry
67%
Lady GooGoo Lady Gaga
67%
Goo York | New Yolk | Phew York New York
67%
Niagra Fouls Niagara Falls
67%
Eeky Groanas Nick Jonas
67%
Moshlympics Olympics
67%
Splongeblob Scarepants Spongebob Squarepants
67%
Pawberry Fields Strawberry Fields
67%
Wake Me Up Before You Cocoa Wake Me Up Before You Go-Go
67%
Moshington D.C. Washington D.C.
67%
Squeal Of Fortune Wheel Of Fortune
67%
GooTube YouTube
67%
Billy the Squid Billy The Kid
33%
Slack Lagoon Black Lagoon
33%
Boot-eek Boutique
33%
Cardiofornia California
33%
Kelvin Swine Calvin Klein
33%
Captain Squirk Captain Kirk
33%
Goopid Cupid
33%
Dance Dance Roarvolution Dance Dance Revolution
33%
David Wreck'em David Beckham
33%
Ziggy David Bowie
33%
David Camergroan David Cameron
33%
Flimsy Channel Disney Channel
33%
Beastenders Eastenders
33%
Beaster Island Easter Island
33%
Pingland England
33%
Prance France
33%
Fronkenshteen Frankenstein
33%
GoldiRox Goldilocks
33%
Growliwood Hollywood
33%
How Much Is That Fishie In The Window How Much Is That Doggie In The Window
33%
Indiana Groans Indiana Jones
33%
Eye Phone iPhone
33%
Geeky Groanas Joe Jonas
33%
Jelly Roger Jolly Roger
33%
Spewliet Juliet
33%
Goopiter Jupiter
33%
Loch Mess Loch Ness
33%
L'Oresmell L'Oreal
33%
Monsters In Black Men In Black
33%
Mount Eggiecrest Mount Everest
33%
Mount Sillimanjaro Mount Kilimanjaro
33%
Mount Moshmore Mount Rushmore
33%
Goatzart Mozart
33%
Mr .Tea Mr .T
33%
My Little Mutants My Little Pony
33%
Mashville Nashville
33%
Unnatural History Museum Natural History Museum
33%
Spewport Newport
33%
Tamara Tesla Nikola Tesla
33%
Fablo Fiasco | Picarrgghhso Pablo Picasso
33%
Bongo Colada Pina Colada
33%
Prince Silly Ham Prince William
33%
Pussycat Poppets Pussycat Dolls
33%
R2 Trashcan R2D2
33%
Roarbrandt Rembrandt van Rijn
33%
Mice Krispies Rice Krispies
33%
Groaneo Romeo
33%
Shakesfear Shakespeare
33%
Squid Vicious Sid Vicious
33%
Simon Growl Simon Cowell
33%
Glump Invaders Space Invaders
33%
Starfishbucks Starbucks
33%
Zuper Zommer Bros Super Mario Bros
33%
Sweeney Blob Sweeney Todd
33%
Syd’s Knee Sydney
33%
Taylor Miffed Taylor Swift
33%
Pestco Tesco
33%
The Duke of Pork The Duke of York
33%
Neverglades The Everglades
33%
The Drainbow Bar The Rainbow Bar
33%
The Seventy Seas The Seven Seas
33%
Got The Ex-Idol Pop Factor | The M Factor | The Roarsome-Factor | The Y Factor The X Factor
33%
Pantsilvania Transylvania
33%
Hictoria Station Victoria Station
33%
Vincent Van Gruff Vincent Van Gogh
33%
Walkmonster Walkman
33%
Bestfriendster Abbey | Westmonster Abbey Westminster Abbey
33%
Benny Haha Benihaha
0%
Furi Feethoven Bethoven
0%
Big Bad Bill (Is A Woolly Blue Hoodoo) Big Bad Bill (Is Sweet William Now)
0%
Born Yesterday Born This Way
0%
Raahms Brahms
0%
Cheryl Troll Cheryl Cole
0%
Cirque Du BonBon | Cirque Du Moshi Cirque Du Freak
0%
Davy Gravy Dave Grohl
0%
Gruelce and Grubana Dolce and Gabanna
0%
Dr. Strangeglove Dr. Strangelove
0%
Catch A Pitch or Cry Tryin' Get Rich or Die Tryin'
0%
Groardon Frown Gordon Brown
0%
Googenheim Art Gallery Guggenheim Museum
0%
Horrods Harrods
0%
Hermitty Ginger Hermione Granger
0%
Bleergshy's Hershey’s
0%
Celery Gruff Hilary Duff
0%
Monstrolulu Honolulu
0%
How to Lose Friends and Manipulate Monsters How to Lose Friends and Alienate People
0%
Yukea IKEA
0%
Isle of Plight Isle of Wight
0%
Jammie Olive Oil Jamie Oliver
0%
Grosseph Gluelitzer Joseph Pulitzer
0%
Dustbin Beaver Justin Bieber
0%
Squeaky Groanas Kevin Jonas
0%
Gloop-tonite Kryptonite
0%
Lady with Urghmin Painting Lady with Ermine Painting
0%
Mucuzade Lucozade
0%
Moshi Of The Day Match Of The Day
0%
McDolphins McDonald's
0%
Pinky Pipkin Melody Thornton
0%
Mount Krakka Blowa Mount Krakatoa
0%
Mr. Schpleen Mr Sheen
0%
Nick Legg Nick Clegg
0%
Ickon Nickon
0%
Bleurgh-varna Nirvana
0%
Mo Shinobi Obi-Wan Kenobi
0%
OzSnout University Oxford University
0%
Bread to Toast Picture To Burn
0%
Growlstation Playstation
0%
Hubbs Ricardo Tubbs
0%
Roarex Rolex
0%
Russell Branch Russell Brand
0%
Scarlet O'Haira Scarlett O'Hara
0%
Shredded Feet Shredded Wheat
0%
O'Growly Night Silent Night
0%
Poop Soggy Bogg Snoop Dogg
0%
Slop On You Somebody To Love
0%
Sprockett Sonny Crockett
0%
Splutnik Sputnik
0%
Monstrovision Television
0%
The Fall The Climb
0%
Zumbuku Timbuktu
0%
Zootsday Tuesday
0%
Dogue Vogue
0%
Trembly Stadium Wembley Stadium
0%
Fertilizer | Peppermizer Womanizer
0%
No! Sushi Yo! Sushi
0%
You've Been Glooped You've Been Framed
0%
No matching quizzes found
Score Distribution
Percent of People with Each Score
Percentile by Number Answered
Your Score History
You have not taken this quiz since the last reset